'CIR' Words Quiz Stats

 Plays Quiz Updated Feb 29, 2016

Also try: 'CH' Words
Challenge
Share
Tweet
Embed
Score 0/18 Timer 05:00
1 Play Today
Definition 'CIR' Word % Correct
A shapeCircle
98.4%
Complete path of an electrical currentCircuit
89.2%
Barnum & Bailey, for oneCircus
87.6%
Perimeter of a round objectCircumference
86.8%
Approximately (often used with dates)Circa
84%
A body systemCirculatory
83.4%
A thin, wispy cloudCirrus
81.4%
The Wall Street Journal's is about 580,000 dailyCirculation
78.6%
Remove the foreskin from male babiesCircumcise
77.6%
Definition 'CIR' Word % Correct
A situation or conditionCircumstance
77.4%
Travel around the world by waterCircumnavigate
76.6%
An advertisement or flyer sent to a lot of peopleCircular
73.6%
A disease of the liver, often caused by alcoholCirrhosis
65.4%
Avoid; move around something in your wayCircumvent
49.1%
Biological processes occurring in 24-hour cyclesCircadian
44.2%
Cautious or guardedCircumspect
40.5%
Used to describe a winding or meandering journeyCircuitous
33.2%
To restrict or confineCircumscribe
12.6%

You're not logged in!

Compare scores with friends on all Sporcle quizzes.
OR
Log In

You Might Also Like...

Show Comments

Extras

Top Quizzes Today


Score Distribution

Your Account Isn't Verified!

In order to create a playlist on Sporcle, you need to verify the email address you used during registration. Go to your Sporcle Settings to finish the process.

Report this User

Report this user for behavior that violates our Community Guidelines.

Details: